| 000 | 00729cam a22002171 4500 | ||
|---|---|---|---|
| 005 | 20161129145036.0 | ||
| 008 | 740219s1980 mauab b 000 0 eng | ||
| 040 |
_aDLC _cOClW _dOCoLC _dDLC _dCO-BoIAVH |
||
| 041 | 0 | _aeng | |
| 044 | _axxu | ||
| 082 | 0 | 4 |
_a577 _bB87a |
| 100 | 1 |
_aBrown, Vinson _d1912-1991. _eautor |
|
| 245 | 1 | 4 |
_aThe amateur naturalist's handbook _cVinson Brown |
| 260 |
_aBoston, _bLittle, Brown, _c1980. |
||
| 300 |
_axiv, 419 páginas _bilustraciones y mapas ; _c18 x 14 cm. |
||
| 504 | _aIncluye referencias bibliográficas.. | ||
| 650 | 1 | 6 |
_aInvestigación _xciencias naturales |
| 650 | 2 | 6 |
_aInvestigación _xEcología |
| 650 | 2 | 6 |
_aInvestigación _xBiodiversidad |
| 942 |
_2ddc _cLIBRO |
||
| 999 |
_c567 _d567 |
||